000 00903nas a2200289 4500
001 BR9508812
003 BR-BrBNA
005 20231205095512.0
007 ta
008 230509b bl.|||p| |||| 00| 00por d
040 _aBR-BrBNA
_bpor
_cBiblioteca Nacional de Agricultura
041 _a(Pt)
072 _aH10
100 1 _aBergmann, E.C.
100 1 _aRamanholi, R. de C.
100 1 _aPotenza, M.R.
100 1 _aImenes, S. de L.
100 1 _aZorzenon, F.J.
100 1 _aRodrigues Netto, S.M.
245 1 _aAspectos biologicos e comportamentais de Opogona sacchari (Bojer, 1856)(Lepidoptera: Tineidae), em condicoes de laboratorio
650 _aLepidoptero
650 _aBiologia
650 _aLaboratorio
773 0 _tRevista de Agricultura (Brazil)
_xISSN 0034-7655
_g(Jun 1995), v. 70(1) p. 37-52
_wBR9508812
909 _a202311
_bLúcia
_c55
_dLúcia Elande
942 _2AGRIS
_n0
_cANA
999 _c151083
_d151083